LEADER 01458nam a2200265 i 4500 001 000000234217 003 CaOOAMICUS 005 20141010000000.0 008 141010s1896 it u000 u ita u 013 $a213120 040 $aSeMil$bita 100 1 $aMelani, Alfredo,$d<1859-1928>.$0(OLS)http://semarc/name/90224 245 10$aManuale dell'ornatista :$braccolta d'iniziali miniate e incise, d'inquadrature di pagina, di fregi e finalini, esistenti in opere antiche di biblioteche, musei e collezioni private ... 1. serie /$cAlfredo Melani. 260 $aMilano :$bUlrico Hoepli,$c1896. 300 $a43 p., VIII, 24 c. di tav. :$bill. ;$c16 cm. 490 0 $aManuali Hoepli 490 0 $aManuali Hoepli. Serie artistica ;$v26.-27 500 $aLe carte di tavola sono su 2 p. in orizzontale. 650 4$aIniziali miniate - Manuali.$0(OLS)http://semarc/subject/41746 830 0$aManuali Hoepli.$0(OLS)http://semarc/title/7639 830 0$aManuali Hoepli. Serie artistica ;$v26.-27.$0(OLS)http://semarc/title/41760 850 $aSeMil 852 $aSeMil$W1$xVenegono$y1$m2ZB V 16 FA$j184563$B184563$CSeMilBibl$Z2$F195574 $8I 996 $6245$aManuale dell'ornatista :$braccolta d'iniziali miniate e incise, d'inquadrature di pagina, di fregi e finalini, esistenti in opere antiche di biblioteche, musei e collezioni private ... 1. serie$9(OLS)http://semarc/title/334338 996 $6260$aMilano :$bUlrico Hoepli$9(OLS)http://semarc/publisher/29765 LEADER 01339nam a2200301 i 4500 001 000000046855 003 CaOOAMICUS 005 20120322000000.0 008 120322s1984 it u000 u ita u 013 $a18025 020 $a88-7610-097-0 040 $aSeMil$bita 100 0 $aJuliana : de Norwich,$d<1343-1416 ca>.$0(OLS)http://semarc/name/23301 245 10$aLibro delle rivelazioni /$cGiuliana Di Norwich ; Introduzione, Traduzione dal testo critico, Note di Domenico Pezzini. 260 $aMilano :$bĀncora,$ccopyr. 1984. 300 $a354 p. ;$c19 cm. 490 0 $aScritti spirituali del medioevo ;$v2 500 $aContiene : Indice dei passi biblici. - In prel. : Dedica. - Fondo Card. Giovanni Colombo. 650 4$aSpiritualitā - Testi.$0(OLS)http://semarc/subject/1342 700 1 $aPezzini, Domenico,$d<1937-2021>.$0(OLS)http://semarc/name/7876 830 0$aScritti spirituali del medioevo ;$v2.$0(OLS)http://semarc/title/24356 850 $aSeMil 852 $aSeMil$W1$xVenegono$y1$m2C II 550$j256292$B13010$CSeMilBibl$Z2$F13010 $81 941 1 $a3 961 $aLascito: Colombo Card. Giovanni 996 $6020$a88-7610-097-0$9(OLS)http://semarc/number/19414 996 $6245$aLibro delle rivelazioni$9(OLS)http://semarc/title/70282 996 $6260$aMilano :$bĀncora$9(OLS)http://semarc/publisher/29763